Lab manual for health assessment in nursing / (Record no. 80649)

MARC details
000 -LEADER
fixed length control field 01064nam a22002537a 4500
003 - CONTROL NUMBER IDENTIFIER
control field URS
005 - DATE AND TIME OF LATEST TRANSACTION
control field 20251008101330.0
008 - FIXED-LENGTH DATA ELEMENTS--GENERAL INFORMATION
fixed length control field 240620b |||||||| |||| 00| 0 eng d
040 ## - CATALOGING SOURCE
Language of cataloging English
Transcribing agency URS
Description conventions rda
050 ## - LIBRARY OF CONGRESS CALL NUMBER
Classification number RT48.2
Item number .W388l 2018
100 ## - MAIN ENTRY--PERSONAL NAME
Personal name Weber, Janet R.,
Relator term author.
9 (RLIN) 5833
245 #0 - TITLE STATEMENT
Title Lab manual for health assessment in nursing /
Statement of responsibility, etc Janet R. Weber, Jane H. Kelley, Ann D. Sprengel.
264 ## - PUBLICATION, DISTRIBUTION, ETC. (IMPRINT)
Place of publication, distribution, etc Philadelphia :
Name of publisher, distributor, etc Wolters Kluwer,
Date of publication, distribution, etc ©2014.
300 ## - PHYSICAL DESCRIPTION
Extent v, 286 pages :
Other physical details illustrations ;
Dimensions 26 cm.
336 ## - CONTENT TYPE
Content type term text
Content type code txt
Source rdacontent
337 ## - MEDIA TYPE
Media type term unmediated
Media type code n
Source rdamedia
338 ## - CARRIER TYPE
Carrier type term volume
Carrier type code nc
Source rdacarrier
504 ## - BIBLIOGRAPHY, ETC. NOTE
Bibliography, etc Includes bibliographical references and index.
505 ## - FORMATTED CONTENTS NOTE
Formatted contents note Unit 1: Nursing data collection, documentation, and analysis -- Unit 2: Integrative holistic nursing assessment -- Unit 3: Nursing assessment of physical systems -- Unit 4: Nursing assessment of special groups.
650 #0 - SUBJECT ADDED ENTRY--TOPICAL TERM
Topical term or geographic name as entry element Nursing assessment.
9 (RLIN) 1067
700 ## - ADDED ENTRY--PERSONAL NAME
Personal name Kelley, Jane.,
Relator term author.
9 (RLIN) 1066
700 ## - ADDED ENTRY--PERSONAL NAME
Personal name Sprengel, Ann D.,
Relator term author.
9 (RLIN) 5834
942 ## - ADDED ENTRY ELEMENTS (KOHA)
Koha item type Foreign Books
Source of classification or shelving scheme Library of Congress Classification
Holdings
Withdrawn status Lost status Source of classification or shelving scheme Damaged status Not for loan Collection code Home library Current library Shelving location Date acquired Source of acquisition Total Checkouts Full call number Barcode Date last seen Copy number Koha item type Price effective from
    Library of Congress Classification     Non-fiction Taytay College Library Taytay College Library Nursing Collection 06/20/2024 Donation   RT48.2 .W388l 2014 URSTAY-5532 06/05/2025 1 Foreign Books  
    Library of Congress Classification     Non-fiction Taytay College Library Taytay College Library Nursing Collection 06/20/2024 Donation   RT48.2 .W388l 2014 URSTAY-5533 06/05/2025 2 Foreign Books  
    Library of Congress Classification     Non-fiction Taytay College Library Taytay College Library Nursing Collection 06/20/2024 Donation   RT48.2 .W388l 2014 URSTAY-5534 06/30/2025 3 Foreign Books  
    Library of Congress Classification     Non-fiction Taytay College Library Taytay College Library Nursing Collection 06/20/2024 Donation   RT48.2 .W388l 2014 URSTAY-5535 06/05/2025 4 Foreign Books  
    Library of Congress Classification     Non-fiction Taytay College Library Taytay College Library Nursing Collection 06/20/2024 Donation   RT48.2 .W388l 2014 URSTAY-5536 06/05/2025 5 Foreign Books  
    Library of Congress Classification     Non-fiction Taytay College Library Taytay College Library Nursing Collection 06/20/2024 Donation   RT48.2 .W388l 2014 URSTAY-5537 06/05/2025 6 Foreign Books  
    Library of Congress Classification     Non-fiction Taytay College Library Taytay College Library Nursing Collection 06/20/2024 Donation   RT48.2 .W388l 2014 URSTAY-5538 06/05/2025 7 Foreign Books  
    Library of Congress Classification     Non-fiction Taytay College Library Taytay College Library Nursing Collection 06/20/2024 Donation   RT48.2 .W388l 2014 URSTAY-5539 06/05/2025 8 Foreign Books  
    Library of Congress Classification     Non-fiction Taytay College Library Taytay College Library Nursing Collection 06/20/2024 Donation   RT48.2 .W388l 2014 URSTAY-5540 06/05/2025 9 Foreign Books  
    Library of Congress Classification     Non-fiction Taytay College Library Taytay College Library Nursing Collection 08/12/2025 Purchased   RT48.2 .W388l 2018 URSTAY-5712 10/08/2025 10 Foreign Books 10/08/2025

University of Rizal System
Email us at univlibservices@urs.edu.ph

Visit our Website www.urs.edu.ph/library